| 000 | 00417nam a22001697a 4500 | ||
|---|---|---|---|
| 003 | MPLRDC | ||
| 005 | 20220104151745.0 | ||
| 008 | 210129b ||||| |||| 00| 0 eng d | ||
| 082 | _a868.71 HYL c.3 | ||
| 100 | _a胡羽林著 | ||
| 245 |
_a千山之外: 一个留台人的成长历程 _c |
||
| 250 | _a初版 | ||
| 260 |
_a _b正文有限公司 _c1986 |
||
| 300 | _b平 | ||
| 650 | _a | ||
| 942 |
_cBK _o868.71 HYL c.3 |
||
| 999 |
_c52539 _d52529 |
||